| 000 | 01095nam a2200277 a 4500 | ||
|---|---|---|---|
| 020 | _a0140510117 (pbk.) | ||
| 082 | 0 | 0 |
_a624.03 _bSCO _cL-31,P-92 |
| 100 | 1 |
_aScott, John S., _936851 |
|
| 245 | 1 | 4 |
_aThe Penguin dictionary of civil engineering / _cJohn S. Scott ; illustrated by Clifford Bayliss. |
| 250 | _a3rd ed. | ||
| 260 |
_aHarmondsworth, Middlesex, England ; _aNew York, N.Y., U.S.A. : _bPenguin Books, _c1980 |
||
| 300 |
_a308 p. : _bill. ; _c20 cm. |
||
| 500 | _aPrevious ed.: Dictionary of civil engineering. 3rd ed. New York : Halsted Press, 1981. | ||
| 526 |
_a0 _b0 _c0 _d624_030000000000000_SCO |
||
| 526 |
_a0 _b0 _c0 _d624_030000000000000_SCO |
||
| 526 |
_a0 _b0 _c0 _d624_030000000000000_SCO |
||
| 526 |
_a0 _b0 _c0 _d624_030000000000000_SCO |
||
| 526 |
_a0 _b0 _c0 _d624_030000000000000_SCO |
||
| 526 |
_a0 _b0 _c0 _d624_030000000000000_SCO |
||
| 526 |
_a0 _b0 _c0 _d624_030000000000000_SCO |
||
| 526 |
_a0 _b0 _c0 _d624_030000000000000_SCO |
||
| 526 |
_a0 _b0 _c0 _d624_030000000000000_SCO |
||
| 650 | 0 |
_aCivil engineering _xDictionaries. _936852 |
|
| 650 | 0 |
_aMCE _9379 |
|
| 942 |
_2ddc _cBK |
||
| 999 |
_c541804 _d541804 |
||